000
00332nam a22001457a 4500
008
210308b ||||| |||| 00| 0 eng d
020
_a
0812112490
041
_a
eng
080
_a
616.31
082
_a
616.31
100
_a
5
101
_a
STO
245
_a
Color Atlas of Common Oral Diseases
_c
Langlais, R. P
942
_2
udc
_c
BK
999
_c
55897
_d
55897